000 01227nam a22002417a 4500
999 _c62921
_d62921
003 Ge_BSU
005 20250320144305.0
008 250320s2007 ge ||||| |||| 00| 0 geo d
020 _a9789994090723
041 _ageo
080 _a618 (075.8) გ-50
245 _aგინეკოლოგია /
_c[ლ.ნ. ვასილევსკაია, ვ.ი. გრიშჩენკო, ნ.ვ. კობზევა და სხვ.]; ლ.ნ. ვასილევსკაიას რედ. ; თარგმანის რედ. ომარ ჭანიშვილი.
250 _aმე-3 გადამუშ. გამოცემა
264 _aთბ. :
_b მთაწმინდელი,
_c2007.
300 _a392 გვ. :
_bსურ. ;
_c21 სმ.
490 _aსასწავლო ლიტერატურა
653 _aგინეკოლოგია
653 _aმედიცინა
700 _aვასილევსკაია, ლ.ნ.
_eრედაქტორი, ავტორი
_924641
700 _aგრიშჩენკო, ვ.ი.
_924642
700 _aკობზევა ნ.ვ. და სხვ.
_924643
942 _2udc
_cᲬᲘᲒᲜᲘ